al-Mubhij fī tafsīr asmāʼ shuʻarāʼ Dīwān al-ḥamāsah /
Main Author:
Format: Book
Language: Arabic
Published:
Dimashq :
Maktabat al-Qudsī wa-al-Budayr,
1348 [1929 or 1930].
Subjects:
Tags: Add Tag
Call Number: PJ6173 .I25 1929
| LEADER | 01491nam a2200265Ia 4500 | ||
|---|---|---|---|
| 003 | OSt | ||
| 005 | 20230926121904.0 | ||
| 008 | 130303s1929 sy 000 0 ara d | ||
| 952 | |0 0 |1 0 |2 lcc |4 0 |6 PJ6173 I25 01929 |7 1 |9 50253 |a ARCE |b ARCE |d 2023-09-26 |l 0 |o PJ6173 .I25 1929 |p 1026764 |r 2023-09-26 00:00:00 |w 2023-09-26 |y BK | ||
| 999 | |c 27505 |d 27505 | ||
| 040 | |c ARCE Library | ||
| 050 | 4 | |a PJ6173 .I25 1929 | |
| 100 | 1 | |6 880-01 |a Ibn Jinnī, Abū al-Fatḥ ʻUthmān, |d -1002, |e author | |
| 245 | 1 | 3 | |6 880-02 |a al-Mubhij fī tafsīr asmāʼ shuʻarāʼ Dīwān al-ḥamāsah / |c sạnʻat Abī al-Fath ̣ʻUthmān ibn Jinnī. |
| 264 | 1 | |a Dimashq : |b Maktabat al-Qudsī wa-al-Budayr, |c 1348 [1929 or 1930]. | |
| 300 | |a 73 pages ; |c 25 cm. | ||
| 500 | |a Includes errata page. | ||
| 504 | |a Includes bibliographical references. | ||
| 650 | 0 | |a Arabic language |x Etymology. | |
| 650 | 0 | |a Names, Personal |x Arabic. | |
| 650 | 0 | |a Poets, Arab. | |
| 880 | 1 | |6 100-01/(3/r |a ابن جني، أبو الفتح عثمان، |d -1002. | |
| 880 | 1 | 2 | |6 245-02/(3/r |a المبهج في تفسير أسماء شعراء ديوان الحماسة |c صنعة أبي الفتح عثمان بن جني. |
| 901 | |a reviewed | ||
| 942 | |c BK |2 lcc | ||
